hindi:handpicked fictions (Record no. 159300)

MARC details
000 -LEADER
fixed length control field 00534nam a22001937a 4500
010 ## - LCCN (DPL NO)
LC control number B-98938
020 ## - INTERNATIONAL STANDARD BOOK NUMBER
International Standard Book Number 8187649410
Terms of availability 250.00
035 ## - SYSTEM CONTROL NUMBER
System control number B-98938
037 ## - SOURCE OF ACQUISITION
Stock number DBAD/PUB
Source of stock number/acquisition katha
082 ## - DEWEY DECIMAL CLASSIFICATION NUMBER
Edition number 2003
Classification number S
100 ## - MAIN ENTRY--PERSONAL NAME
Personal name rai sara
245 ## - TITLE STATEMENT
Title hindi:handpicked fictions
Remainder of title andpicked fictions
Statement of responsibility, etc sara rai
Medium english
250 ## - EDITION STATEMENT
Edition statement 2003
260 ## - PUBLICATION, DISTRIBUTION, ETC. (IMPRINT)
Place of publication, distribution, etc new delhi
Name of publisher, distributor, etc katha
Date of publication, distribution, etc 2003
270 ## - ADDRESS
Address A-3,Sarvodya Enclave,shri Aurbindo Marg
300 ## - PHYSICAL DESCRIPTION
Extent 260 Pages
Dimensions 20 CM,PBK
700 ## - ADDED ENTRY--PERSONAL NAME
Personal name SARA Rai
942 ## - ADDED ENTRY ELEMENTS (KOHA)
Source of classification or shelving scheme Dewey Decimal Classification
Item type English Books
Edition 2003
Classification part s
Call number prefix HIN
Call number suffix Sara rai
Holdings
Withdrawn status Lost status Not for loan Collection code Home library Current library Date acquired Source of acquisition Cost, normal purchase price Full call number Barcode Cost, replacement price Koha item type
      Non-fiction Sarojini Nagar Sarojini Nagar 13/12/2018 katha 250.00 s Sara rai B-98938 250.00 English Books
      Fiction Sarojini Nagar Sarojini Nagar 22/01/2019     S Sara rai B-098933   English Books

© Delhi Public Library
Hit Counter
free hit counter